Jogadores convocados pra França na Eurocopa 2024 - Statistics

Estatísticas Gerais
  • Esse quiz foi jogado 99 vezes
  • A pontuação média é 17 de 25
Estatísticas das Respostas
Posição Time Jogador % Correto
Atacante Real Madrid Mbappe
97%
Meio-Campo Real Madrid Camavinga
83%
Atacante Atletico de Madrid Griezmann
83%
Meio-Campo Al-Ittihad Kanté
82%
Ponta PSG Dembele
81%
Meio-Campo Real Madrid Tchouameni
81%
Lateral Milan Theo Hernandez
78%
Atacante Inter de Milão Thuram
78%
Goleiro Milan Maignan
77%
Zagueiro Bayern Upamecano
75%
Zagueiro Arsenal Saliba
74%
Zagueiro Barcelona Kounde
73%
Meio-Campo Juventus Rabiot
71%
Goleiro West Ham Areola
70%
Atacante Los Angeles Giroud
70%
Lateral Real Madrid Mendy
70%
Ponta Bayern Coman
68%
Ponta PSG Barcola
64%
Zagueiro Liverpool Konate
64%
Lateral Inter de Milao Pavard
53%
Atacante PSG Kolo Muani
52%
Goleiro Lens Samba
42%
Meio-Campo PSG Zaire Emery
38%
Lateral Marsellie Clauss
35%
Meio-Campo Monaco Fofana
26%
Nenhum quiz correspondente encontrado
Distribuição das Pontuações
Porcentagem de Pessoas com Cada Pontuação
Percentil de Números Respondidos
Sua Pontuação Histórica
Você não jogou esse quiz